[Event "VIE-ch U11"]
[Site "Ho Chi Minh City"]
[Date "2014.07.18"]
[Round "9"]
[White "Hoang, Vu Trung Kien"]
[Black "Tran, Hoang Phu Vinh"]
[Result "1-0"]
[WhiteElo "1960"]
[BlackElo "1910"]
[PlyCount "107"]
[EventDate "2014.07.13"]
[EventType "swiss"]
[EventRounds "9"]
[EventCountry "VIE"]
[SourceTitle "EXT 2016"]
[Source "ChessBase"]
[SourceDate "2015.10.08"]
[SourceVersion "1"]
[SourceVersionDate "2015.10.08"]
[SourceQuality "1"]

1. d4 Nf6 2. c4 c5 3. d5 e6 4. Nc3 exd5 5. Nxd5 Nxd5 6. Qxd5 d6 7. Nf3 Nc6 8. Bf4 Be6 9. Qd3 Be7 10. g3 0-0 11. Bg2 Nb4 12. Qb3 Rb8 13. a3 Nc6 14. Qd3 Qc7 15. 0-0 Rfd8 16. Ng5 Bxg5 17. Bxg5 Rd7 18. f4 Qb6 19. f5 Ne5 20. fxe6 Nxd3 21. exd7 f6 22. exd3 fxg5 23. Rae1 Qd8 24. Re8+ Qxe8 25. dxe8Q+ Rxe8 26. Bd5+ Kh8 27. Bxb7 g6 28. Bd5 Rb8 29. Rf2 Rb3 30. Rd2 Kg7 31. Kf2 Kf6 32. Ke3 Ke5 33. Bg8 h6 34. Bf7 a5 35. Bxg6 Rb8 36. Rf2 Rb3 37. Be4 Rb8 38. Rc2 Rb3 39. Kd2 Kd4 40. Kc1 Rb8 41. Re2 Rf8 42. Kc2 Re8 43. Bf3 Rxe2+ 44. Bxe2 Ke3 45. Kd1 Kf2 46. h4 Kxg3 47. hxg5 hxg5 48. d4 Kf4 49. dxc5 dxc5 50. b4 axb4 51. axb4 cxb4 52. Kc2 Ke3 53. Bh5 Kd4 54. Kb3 1-0

[Event "VIE-ch U11"]
[Site "Ho Chi Minh City"]
[Date "2014.07.16"]
[Round "6"]
[White "Hoang, Trong Minh Quang"]
[Black "Tran, Hoang Phu Vinh"]
[Result "1-0"]
[WhiteElo "1459"]
[BlackElo "1910"]
[PlyCount "91"]
[EventDate "2014.07.13"]
[EventType "swiss"]
[EventRounds "9"]
[EventCountry "VIE"]
[SourceTitle "EXT 2016"]
[Source "ChessBase"]
[SourceDate "2015.10.08"]
[SourceVersion "1"]
[SourceVersionDate "2015.10.08"]
[SourceQuality "1"]

1. d4 Nf6 2. Nf3 d5 3. c4 c6 4. cxd5 cxd5 5. Nc3 Nc6 6. Bf4 Bg4 7. e3 e6 8. h3 Bf5 9. Qb3 Bb4 10. Bb5 Bxc3+ 11. Qxc3 Rc8 12. Ne5 Qb6 13. Bxc6+ bxc6 14. 0-0 Ne4 15. Qa3 c5 16. Qa4+ Rc6 17. Nxc6 0-0 18. Ne7+ Kh8 19. Nxf5 exf5 20. dxc5 Qxc5 21. Rfc1 Qb6 22. Qa3 Re8 23. Rc7 g5 24. Bh2 f4 25. Rxf7 Kg8 26. Qxa7 Qxb2 27. Rf1 Nd2 28. Rxh7 Qf6 29. Rd1 f3 30. Qd7 Rf8 31. Qg7+ Qxg7 32. Rxg7+ Kxg7 33. Rxd2 fxg2 34. Kxg2 Ra8 35. Rxd5 Rxa2 36. Rxg5+ Kh7 37. Kf3 Rc2 38. Bf4 Rc8 39. Kg4 Re8 40. h4 Kh8 41. Kh5 Kh7 42. Bg3 Re7 43. Be5 Rf7 44. Rg7+ Rxg7 45. Bxg7 Kxg7 46. f4 1-0